Termické vlastnosti zmesných syntetických vlákien

Gespeichert in:
Bibliographische Detailangaben
1. Verfasser: Bolhová, Eva, 1976- (Verfasst von)
Format: Manuskript Buch
Sprache:Slowakisch
Veröffentlicht: Bratislava : STU v Bratislave ChtF, 2001
Ausgabe:Dát.obháj.: 4.6.2001
Tags: Tag hinzufügen
Keine Tags, Fügen Sie das erste Tag hinzu!

MARC

LEADER 00000ntm a22000003a 4500
001 stu58601
005 20150617225654.7
008 010709s2001----xo------------------slo-d
040 |a STU  |b slo 
041 0 |a slo 
044 |a xo 
100 1 |a Bolhová, Eva,  |d 1976-  |4 aut  |u C9150  |U FCHPT Ústav prírodných a syntetických polymérov  |T FCHPT Oddelenie vlákien a textilu  |X 3939  |U C9150  |Y 126  |7 A000003939 
245 1 |a Termické vlastnosti zmesných syntetických vlákien 
250 |a Dát.obháj.: 4.6.2001 
260 |a Bratislava :  |b STU v Bratislave ChtF,  |c 2001 
300 |a 41 s. Tab.,lit 
500 |a Zameranie: Chemická technológia vlákien a textilu 
996 |b 284C019609  |c C*D13443  |l CCI  |s A  |a 24  |w stu58601_0001